<?xml version="1.0" encoding="UTF-8"?>
<record
    xmlns:xsi="http://www.w3.org/2001/XMLSchema-instance"
    xsi:schemaLocation="http://www.loc.gov/MARC21/slim http://www.loc.gov/standards/marcxml/schema/MARC21slim.xsd"
    xmlns="http://www.loc.gov/MARC21/slim">

  <leader>00525nam a22001697a 4500</leader>
  <controlfield tag="005">20260204143918.0</controlfield>
  <controlfield tag="008">251113b        |||||||| |||| 00| 0 eng d</controlfield>
  <datafield tag="020" ind1=" " ind2=" ">
    <subfield code="a">1-85604-370-3</subfield>
  </datafield>
  <datafield tag="100" ind1=" " ind2=" ">
    <subfield code="a">SHEPHERD, ELIZABETH</subfield>
  </datafield>
  <datafield tag="245" ind1=" " ind2=" ">
    <subfield code="a">MANAGING RECORDS: A HANDBOOK OF PRINCIPLES AND PRACTICE</subfield>
  </datafield>
  <datafield tag="260" ind1=" " ind2=" ">
    <subfield code="a">LONDON</subfield>
    <subfield code="b">FACET</subfield>
    <subfield code="c">2003</subfield>
  </datafield>
  <datafield tag="300" ind1=" " ind2=" ">
    <subfield code="a">XIV,318P.</subfield>
  </datafield>
  <datafield tag="500" ind1=" " ind2=" ">
    <subfield code="a">INCLUDES INDEX</subfield>
  </datafield>
  <datafield tag="650" ind1=" " ind2=" ">
    <subfield code="a">1. RECORDS - MANAGEMENT 2. ARCHIVES- ADMINISTRATION 3. INFORMATION RESOURCS MANAGENT</subfield>
  </datafield>
  <datafield tag="700" ind1=" " ind2=" ">
    <subfield code="a">YEO, GEOFFREY</subfield>
  </datafield>
  <datafield tag="942" ind1=" " ind2=" ">
    <subfield code="2">lcc</subfield>
    <subfield code="c">BK</subfield>
  </datafield>
  <datafield tag="999" ind1=" " ind2=" ">
    <subfield code="c">216187</subfield>
    <subfield code="d">216187</subfield>
  </datafield>
  <datafield tag="952" ind1=" " ind2=" ">
    <subfield code="0">0</subfield>
    <subfield code="1">0</subfield>
    <subfield code="2">lcc</subfield>
    <subfield code="4">0</subfield>
    <subfield code="6">HF5736 S54  02003</subfield>
    <subfield code="7">0</subfield>
    <subfield code="8">SCT</subfield>
    <subfield code="9">373333</subfield>
    <subfield code="a">KSUL</subfield>
    <subfield code="b">KSUL</subfield>
    <subfield code="c">DISPLAY</subfield>
    <subfield code="d">2025-11-13</subfield>
    <subfield code="i">109795</subfield>
    <subfield code="l">0</subfield>
    <subfield code="o">HF 5736  .S54 2003 </subfield>
    <subfield code="p">000000024720</subfield>
    <subfield code="r">2025-11-13 16:07:00</subfield>
    <subfield code="t">C.1</subfield>
    <subfield code="w">2025-11-13</subfield>
    <subfield code="y">BK</subfield>
  </datafield>
  <datafield tag="952" ind1=" " ind2=" ">
    <subfield code="0">0</subfield>
    <subfield code="1">0</subfield>
    <subfield code="2">lcc</subfield>
    <subfield code="4">0</subfield>
    <subfield code="6">HF5736 S54  02003</subfield>
    <subfield code="7">0</subfield>
    <subfield code="8">SCT</subfield>
    <subfield code="9">373334</subfield>
    <subfield code="a">KSUL</subfield>
    <subfield code="b">KSUL</subfield>
    <subfield code="c">DISPLAY</subfield>
    <subfield code="d">2025-11-13</subfield>
    <subfield code="i">109796</subfield>
    <subfield code="l">0</subfield>
    <subfield code="o">HF 5736  .S54  2003 </subfield>
    <subfield code="p">000000024707</subfield>
    <subfield code="r">2025-11-13 16:07:00</subfield>
    <subfield code="t">C.2</subfield>
    <subfield code="w">2025-11-13</subfield>
    <subfield code="y">BK</subfield>
  </datafield>
  <datafield tag="952" ind1=" " ind2=" ">
    <subfield code="0">0</subfield>
    <subfield code="1">0</subfield>
    <subfield code="2">lcc</subfield>
    <subfield code="4">0</subfield>
    <subfield code="6">HF5736 S54  02003</subfield>
    <subfield code="7">0</subfield>
    <subfield code="8">SCT</subfield>
    <subfield code="9">373336</subfield>
    <subfield code="a">KSUL</subfield>
    <subfield code="b">KSUL</subfield>
    <subfield code="c">DISPLAY</subfield>
    <subfield code="d">2025-11-13</subfield>
    <subfield code="i">109797</subfield>
    <subfield code="l">0</subfield>
    <subfield code="o">HF 5736 .S54 2003 </subfield>
    <subfield code="p">000000024706</subfield>
    <subfield code="r">2025-11-13 16:07:00</subfield>
    <subfield code="t">C.3</subfield>
    <subfield code="w">2025-11-13</subfield>
    <subfield code="y">BK</subfield>
  </datafield>
  <datafield tag="952" ind1=" " ind2=" ">
    <subfield code="0">0</subfield>
    <subfield code="1">0</subfield>
    <subfield code="2">lcc</subfield>
    <subfield code="4">0</subfield>
    <subfield code="6">HF5736 S54  02003</subfield>
    <subfield code="7">0</subfield>
    <subfield code="8">SCT</subfield>
    <subfield code="9">373337</subfield>
    <subfield code="a">KSUL</subfield>
    <subfield code="b">KSUL</subfield>
    <subfield code="c">DISPLAY</subfield>
    <subfield code="d">2025-11-13</subfield>
    <subfield code="i">109798</subfield>
    <subfield code="l">0</subfield>
    <subfield code="o">HF 5736 .S54 2003 </subfield>
    <subfield code="p">000000024705</subfield>
    <subfield code="r">2025-11-13 16:07:00</subfield>
    <subfield code="t">C.4</subfield>
    <subfield code="w">2025-11-13</subfield>
    <subfield code="y">BK</subfield>
  </datafield>
</record>
